[Event "Silkway Cup"]
[Site "T#646345FIDE"]
[Date "2020.05.28"]
[Round "8"]
[White "Powerstrong"]
[Black "Moonlightbae"]
[Result "1-0"]
[WhiteElo "1770"]
[BlackElo "1538"]
[Annotator "NA"]
[PlyCount "55"]
[EventDate "2020.05.28"]
[EventType "swiss (blitz)"]

1. e4 {[%emt 0:00:02]} c5 {[%emt 0:00:02]} 2. Nf3 {[%emt 0:00:02]} d6 {[%emt 0:00:01]} 3. d4 {[%emt 0:00:02]} cxd4 {[%emt 0:00:00]} 4. Nxd4 {[%emt 0:00:00]} Nf6 {[%emt 0:00:00]} 5. Nc3 {[%emt 0:00:01]} g6 {[%emt 0:00:00]} 6. Be3 {[%emt 0:00:02]} Bg7 {[%emt 0:00:01]} 7. f3 {[%emt 0:00:01]} Nc6 {[%emt 0:00:01]} 8. Qd2 {[%emt 0:00:01]} O-O {[%emt 0:00:03]} 9. g4 {[%emt 0:00:01]} Bd7 {[%emt 0:01:06]} 10. h4 {[%emt 0:00:06]} h5 {[%emt 0:00:03]} 11. O-O-O {[%emt 0:00:55]} a6 {[%emt 0:00:04]} 12. Rg1 {[%emt 0:00:21]} b5 {[%emt 0:00:04]} 13. gxh5 {[%emt 0:00:29]} Nxh5 {[%emt 0:00:02]} 14. Nf5 {[%emt 0:00:08]} b4 {[%emt 0:01:22]} 15. Nd5 {[%emt 0:00:13]} e6 {[%emt 0:00:22]} 16. Nxg7 {[%emt 0:00:04]} Nxg7 {[%emt 0:00:09]} 17. Bg5 {[%emt 0:00:22]} f6 {[%emt 0:00:05]} 18. Bh6 {[%emt 0:00:01]} exd5 {[%emt 0:00:06]} 19. Rxg6 {[%emt 0:00:01]} Qe7 {[%emt 0:00:02]} 20. Rxg7+ {[%emt 0:00:02]} Qxg7 {[%emt 0:00:01]} 21. Bxg7 {[%emt 0:00:00]} Kxg7 {[%emt 0:00:00]} 22. exd5 {[%emt 0:00:03]} Ne5 {[%emt 0:00:01]} 23. Bd3 {[%emt 0:00:01]} Nxd3+ {[%emt 0:00:04]} 24. Qxd3 {[%emt 0:00:05]} f5 {[%emt 0:00:01]} 25. Qe3 {[%emt 0:00:10]} Rae8 {[%emt 0:00:03]} 26. Qg5+ {[%emt 0:00:01]} Kh7 {[%emt 0:00:01]} 27. Rg1 {[%emt 0:00:02]} Rf6 {[%emt 0:00:09]} 28. Qg7# {[%emt 0:00:02] (Lag: Av=0.54s, max=0.7s)} 1-0

[Event "Silkway Cup"]
[Site "T#646345FIDE"]
[Date "2020.05.28"]
[Round "8"]
[White "Mammadzada"]
[Black "Eltaj Safarli"]
[Result "1-0"]
[WhiteElo "1762"]
[BlackElo "2713"]
[Annotator "TA"]
[PlyCount "133"]
[EventDate "2020.05.28"]
[EventType "swiss (blitz)"]

{[%evp 17,133,37,47,41,37,23,44,39,41,25,47,45,52,56,72,10,10,15,46,8,40,0,0,-23,18,25,17,12,16,-12,15,0,2,2,83,92,133,83,118,118,167,138,177,-295,157,128,121,12,13,12,12,0,65,0,110,111,106,114,127,47,53,47,40,66,63,42,59,53,240,231,383,356,411,403,409,394,875,872,1847,1839,1513,539,1147,12847,29956,29955,29961,6323,29963,29966,29967,29966,29978,29979,29979,29980,29981,29982,29982,29983,29983,29984,29984,29985,29985,29986,29986,29987,29987,29988,29989,29989,29989,29990,29990,29991,29992,29992]} 1. e4 e5 2. Nf3 Nc6 3. Bb5 a6 4. Ba4 d6 5. O-O Bd7 6. c3 g6 7. d4 Bg7 8. Bg5 f6 9. Be3 Nh6 10. h3 {C76: Ruy Lopez: Deferred Steinitz: 5 c3 Bd7 6 d4 g6.} Nf7 11. Nbd2 {[%cal Bb1d2,Bd2f1,Bf1g3][%mdl 32] 11.dxe5 is the fancy move. Played by Quang Liem Le in April 2020. was the old line (11.dxe5).} O-O 12. Re1 {White is slightly better.} Kh8 13. Bb3 Qe7 14. Nf1 {[#]} f5 $146 ({Predecessor:} 14... Na5 15. Bc2 Nc4 16. Bc1 b5 17. b3 Nb6 18. Ne3 a5 19. a4 bxa4 20. bxa4 Rfc8 {1-0 (54) Ter Sahakyan,S (2601)-Aryan,C (2547) Budapest 2019}) 15. exf5 gxf5 16. dxe5 ({White should play} 16. Ng3 $16) 16... dxe5 $11 17. Ng3 Rad8 18. Nh5 Be6 19. Qe2 Bxb3 20. axb3 Rfe8 (20... e4 $5 {[%cal Re4f3]} 21. Bf4 Be5 22. Bxe5+ Nfxe5 23. Nxe5 Nxe5 $11) 21. Nxg7 Kxg7 22. g3 Qf6 23. Kh2 Kh8 (23... f4 $5 {[%cal Rf4e3]} 24. Bc1 e4 $11) 24. Ra4 {[%cal Ba1a4,Ba4d4,Bd4d5][%mdl 32]} e4 25. Nh4 Nd6 (25... Nfe5 $11) 26. Qh5 $16 Rg8 27. Bf4 Ne5 28. Rd4 {Hoping for Rexe4!} Rdf8 29. Red1 Nd3 30. Be3 $4 {[%mdl 8192]} (30. R4xd3 $18 {avoids the disaster.} exd3 31. Be3) 30... Qf7 $2 ({Wrong is} 30... Nxb2 $2 31. Rxd6 $1 {[%mdl 512]} cxd6 32. Bd4 $18) ({Black should try} 30... f4 $19 31. R4xd3 fxe3 32. Rxe3 Qxf2+ 33. Ng2 Rf3 $1 {[%mdl 512]} 34. Qe5+ Rg7 35. Rxd6 cxd6 36. Qxd6 Rgxg3 {[%mdl 64] Double Attack} 37. Qe5+ Rg7) 31. Qxf7 Rxf7 32. Rd2 (32. R4xd3 $1 $16 exd3 33. Bd4+ Rgg7 34. Rxd3 (34. Bxg7+ Kxg7 35. Rxd3 Kf6 $16)) 32... Re8 $11 33. Rd5 Kg8 34. Ng2 Ne5 (34... Nc8 $11) 35. Nh4 (35. Rd1 $14) 35... Ng6 (35... Nd3 $11) 36. Nxg6 $16 hxg6 37. Bf4 Nc8 38. b4 (38. Rd8 $16 Rxd8 39. Rxd8+ Rf8 40. Bxc7) 38... Nb6 $14 39. Rd8 Rxd8 40. Rxd8+ {[%mdl 4096] Endgame KRB-KRN} Kh7 41. b3 c6 42. c4 Rd7 $2 {[#] Black cannot hold the game after this.} (42... Nd7 $1 $14) 43. Rb8 $1 $18 Re7 $2 (43... Rf7 44. Kg2 (44. Be3 Nd7 $16) 44... Kg7) 44. h4 ({Less strong is} 44. Be3 Nd7 $18) 44... Kg7 45. Be3 Nd7 46. Rxb7 Kf7 $2 (46... Rf7 47. Bd4+ Nf6) 47. Bg5 Nf6 48. Rxe7+ Kxe7 {KB-KN} 49. f3 (49. Kg2 $142 Ke6 50. f3 exf3+ 51. Kxf3) 49... exf3 50. Kg1 Ke6 {[#]} 51. Bxf6 $1 Kxf6 {KP-KP} 52. Kf2 g5 53. Kxf3 {White mates.} Kg6 54. Ke3 Kh5 55. hxg5 Kxg5 56. Kd4 Kg4 57. Ke5 Kg5 58. c5 Kg4 59. Kf6 f4 60. gxf4 Kxf4 {K3P-KPP} 61. Ke6 Ke4 62. Kd6 Kd4 63. Kxc6 Kc3 64. Kb6 Kxb4 65. c6 a5 66. c7 a4 67. bxa4 {Accuracy: White = 75%, Black = 43%.} 1-0

[Event "Silkway Cup"]
[Site "T#646345FIDE"]
[Date "2020.05.28"]
[Round "8"]
[White "Nino2014"]
[Black "Ulka96"]
[Result "1-0"]
[WhiteElo "1750"]
[BlackElo "1636"]
[Annotator "NA"]
[PlyCount "49"]
[EventDate "2020.05.28"]
[EventType "swiss (blitz)"]

1. d4 {[%emt 0:00:02]} Nf6 {[%emt 0:00:06]} 2. Nf3 {[%emt 0:00:03]} d5 {[%emt 0:00:02]} 3. Bf4 {[%emt 0:00:01]} e6 {[%emt 0:00:03]} 4. Nbd2 {[%emt 0:00:01]} Bd6 {[%emt 0:00:03]} 5. Bg5 {[%emt 0:00:01]} Be7 {[%emt 0:00:08]} 6. e3 {[%emt 0:00:06]} O-O {[%emt 0:00:01]} 7. Bd3 {[%emt 0:00:02]} c5 {[%emt 0:00:01]} 8. c3 {[%emt 0:00:01]} b6 {[%emt 0:00:01]} 9. Ne5 {[%emt 0:00:13]} Bb7 {[%emt 0:00:02]} 10. f4 {[%emt 0:00:06]} h6 {[%emt 0:00:10]} 11. h4 {[%emt 0:00:11]} Ne4 {[%emt 0:00:19]} 12. Bxe7 {[%emt 0:00:08]} Qxe7 {[%emt 0:00:01]} 13. Qf3 {[%emt 0:00:18]} Nd6 {[%emt 0:00:41]} 14. g4 {[%emt 0:00:06]} Nd7 {[%emt 0:01:14]} 15. g5 {[%emt 0:00:03]} Kh8 {[%emt 0:00:01]} 16. gxh6 {[%emt 0:00:40]} gxh6 {[%emt 0:00:01]} 17. Qh5 {[%emt 0:00:04]} Qf6 {[%emt 0:00:01]} 18. Nxd7 {[%emt 0:00:02]} Qg7 {[%emt 0:00:07]} 19. O-O-O {[%emt 0:00:13]} f5 {[%emt 0:00:06]} 20. Nxf8 {[%emt 0:00:02]} Qxf8 {[%emt 0:00:02]} 21. Nf3 {[%emt 0:00:07]} Bc6 {[%emt 0:00:03]} 22. Ne5 {[%emt 0:00:01]} Be8 {[%emt 0:00:01]} 23. Ng6+ {[%emt 0:00:12]} Bxg6 {[%emt 0:00:01]} 24. Qxg6 {[%emt 0:00:00]} cxd4 {[%emt 0:00:02]} 25. exd4 {[%emt 0:00:03] Ulka96 resigns (Lag: Av=0.78s, max=2.4s)} 1-0

[Event "Silkway Cup"]
[Site "T#646345FIDE"]
[Date "2020.05.28"]
[Round "8"]
[White "Profi013"]
[Black "S-melia"]
[Result "1/2-1/2"]
[WhiteElo "1717"]
[BlackElo "1755"]
[Annotator "NA"]
[PlyCount "66"]
[EventDate "2020.05.28"]
[EventType "swiss (blitz)"]

1. e4 {[%emt 0:00:02]} c5 {[%emt 0:00:02]} 2. Nf3 {[%emt 0:00:01]} Nc6 {[%emt 0:00:01]} 3. d4 {[%emt 0:00:02]} cxd4 {[%emt 0:00:01]} 4. Nxd4 {[%emt 0:00:00]} Nf6 {[%emt 0:00:01]} 5. Nc3 {[%emt 0:00:01]} e5 {[%emt 0:00:01]} 6. Ndb5 {[%emt 0:00:01]} d6 {[%emt 0:00:00]} 7. Bg5 {[%emt 0:00:01]} a6 {[%emt 0:00:00]} 8. Na3 {[%emt 0:00:01]} b5 {[%emt 0:00:00]} 9. Nd5 {[%emt 0:00:01]} Be7 {[%emt 0:00:01]} 10. Bxf6 {[%emt 0:00:01]} Bxf6 {[%emt 0:00:00]} 11. c4 {[%emt 0:00:00]} b4 {[%emt 0:00:01]} 12. Nc2 {[%emt 0:00:00]} O-O {[%emt 0:00:01]} 13. g3 {[%emt 0:00:01]} Bg5 {[%emt 0:00:03]} 14. h4 {[%emt 0:00:01]} Bh6 {[%emt 0:00:01]} 15. Bh3 {[%emt 0:00:01]} a5 {[%emt 0:00:03]} 16. Kf1 {[%emt 0:00:01]} Be6 {[%emt 0:00:02]} 17. Kg2 {[%emt 0:00:01]} a4 {[%emt 0:00:01]} 18. b3 {[%emt 0:00:04]} axb3 {[%emt 0:00:07]} 19. axb3 {[%emt 0:00:01]} Rxa1 {[%emt 0:00:05]} 20. Nxa1 {[%emt 0:00:01]} Bxd5 {[%emt 0:00:04]} 21. Qxd5 {[%emt 0:00:10]} Nd4 {[%emt 0:00:01]} 22. c5 {[%emt 0:00:01]} dxc5 {[%emt 0:00:06]} 23. Qxc5 {[%emt 0:00:01]} Qb8 {[%emt 0:00:02]} 24. Rb1 {[%emt 0:00:10]} Bd2 {[%emt 0:00:11]} 25. Nc2 {[%emt 0:00:09]} Nxc2 {[%emt 0:00:12]} 26. Qxc2 {[%emt 0:00:02]} Bc3 {[%emt 0:00:02]} 27. Rd1 {[%emt 0:00:05]} Rd8 {[%emt 0:00:03]} 28. Rd3 {[%emt 0:00:09]} g6 {[%emt 0:00:06]} 29. Qe2 {[%emt 0:00:02]} Rd4 {[%emt 0:00:07]} 30. Rxd4 {[%emt 0:00:02]} Bxd4 {[%emt 0:00:16]} 31. Bd7 {[%emt 0:00:04]} h5 {[%emt 0:00:04] S-melia offers a draw} 32. Bb5 {[%emt 0:00:08]} Kg7 {[%emt 0:00:02]} 33. Bc4 {[%emt 0:00:02]} Qd6 {[%emt 0:00:03]} 1/2-1/2

[Event "Silkway Cup"]
[Site "T#646345FIDE"]
[Date "2020.05.28"]
[Round "8"]
[White "Elene tsotsonava"]
[Black "Niadongh"]
[Result "1-0"]
[WhiteElo "1699"]
[BlackElo "1540"]
[Annotator "NA"]
[PlyCount "91"]
[EventDate "2020.05.28"]
[EventType "swiss (blitz)"]

1. e4 {[%emt 0:00:02]} c5 {[%emt 0:00:01]} 2. Nf3 {[%emt 0:00:01]} d6 {[%emt 0:00:01]} 3. d4 {[%emt 0:00:00]} cxd4 {[%emt 0:00:01]} 4. Nxd4 {[%emt 0:00:00]} Nf6 {[%emt 0:00:01]} 5. Nc3 {[%emt 0:00:01]} a6 {[%emt 0:00:01]} 6. Bg5 {[%emt 0:00:01]} Nbd7 {[%emt 0:00:01]} 7. Qe2 {[%emt 0:00:01]} h6 {[%emt 0:00:04]} 8. Bh4 {[%emt 0:00:04]} g6 {[%emt 0:00:07]} 9. f4 {[%emt 0:00:04]} Bg7 {[%emt 0:00:01]} 10. O-O-O {[%emt 0:00:01]} e5 {[%emt 0:00:26]} 11. Nf3 {[%emt 0:00:49]} O-O {[%emt 0:00:24]} 12. fxe5 {[%emt 0:00:33]} dxe5 {[%emt 0:00:03]} 13. Nxe5 {[%emt 0:00:03]} Qa5 {[%emt 0:00:08]} 14. Nxd7 {[%emt 0:00:12]} Nxd7 {[%emt 0:00:03]} 15. Nd5 {[%emt 0:00:55]} Qxa2 {[%emt 0:00:04]} 16. c3 {[%emt 0:00:04]} Qa1+ {[%emt 0:00:40]} 17. Kc2 {[%emt 0:00:01]} Qa4+ {[%emt 0:00:01]} 18. Kb1 {[%emt 0:00:01]} b5 {[%emt 0:00:27]} 19. Ne7+ {[%emt 0:00:10]} Kh7 {[%emt 0:00:08]} 20. Nxc8 {[%emt 0:00:02]} Raxc8 {[%emt 0:00:07]} 21. Rxd7 {[%emt 0:00:03]} b4 {[%emt 0:00:05]} 22. Qd1 {[%emt 0:00:29]} b3 {[%emt 0:00:20]} 23. e5 {[%emt 0:00:08]} Qxh4 {[%emt 0:00:02]} 24. Bd3 {[%emt 0:00:03]} Qa4 {[%emt 0:00:02]} 25. Kc1 {[%emt 0:00:02]} Qa1+ {[%emt 0:00:01]} 26. Bb1 {[%emt 0:00:01]} Rxc3+ {[%emt 0:00:11]} 27. bxc3 {[%emt 0:00:05]} Qxc3+ {[%emt 0:00:01]} 28. Bc2 {[%emt 0:00:01]} bxc2 {[%emt 0:00:14]} 29. Qxc2 {[%emt 0:00:00]} Qxe5 {[%emt 0:00:04]} 30. Rhd1 {[%emt 0:00:03]} Qa1+ {[%emt 0:00:04]} 31. Kd2 {[%emt 0:00:01]} Qa5+ {[%emt 0:00:01]} 32. Ke2 {[%emt 0:00:01]} Qe5+ {[%emt 0:00:01]} 33. Kf1 {[%emt 0:00:01]} Qxh2 {[%emt 0:00:01]} 34. Qf2 {[%emt 0:00:03]} Qe5 {[%emt 0:00:08]} 35. Kg1 {[%emt 0:00:03]} Qe6 {[%emt 0:00:03]} 36. Ra7 {[%emt 0:00:01]} h5 {[%emt 0:00:03]} 37. Re1 {[%emt 0:00:02]} Qc6 {[%emt 0:00:02]} 38. Ree7 {[%emt 0:00:02]} Qd6 {[%emt 0:00:02]} 39. Kh1 {[%emt 0:00:02]} Qd1+ {[%emt 0:00:02]} 40. Kh2 {[%emt 0:00:01]} Qd6+ {[%emt 0:00:01]} 41. g3 {[%emt 0:00:03] '} Qd5 {[%emt 0:00:03]} 42. Rxf7 {[%emt 0:00:03]} Rxf7 {[%emt 0:00:01]} 43. Qxf7 {[%emt 0:00:02]} Qd4 {[%emt 0:00:02]} 44. Rxa6 {[%emt 0:00:05]} Qd2+ {[%emt 0:00:01]} 45. Kh3 {[%emt 0:00:01]} Qd4 {[%emt 0:00:03]} 46. Qxg6+ {[%emt 0:00:01] Time (Lag: Av=0.37s, max=1.5s)} 1-0

[Event "Silkway Cup"]
[Site "T#646345FIDE"]
[Date "2020.05.28"]
[Round "8"]
[White "Meri-Arabidze"]
[Black "Atesh"]
[Result "0-1"]
[WhiteElo "1684"]
[BlackElo "1623"]
[Annotator "NA"]
[PlyCount "146"]
[EventDate "2020.05.28"]
[EventType "swiss (blitz)"]

1. d4 {[%emt 0:00:02]} d5 {[%emt 0:00:04]} 2. c4 {[%emt 0:00:02]} c6 {[%emt 0:00:01]} 3. Nf3 {[%emt 0:00:02]} Nf6 {[%emt 0:00:02]} 4. Nc3 {[%emt 0:00:01]} a6 {[%emt 0:00:02]} 5. e3 {[%emt 0:00:02]} g6 {[%emt 0:00:03]} 6. Be2 {[%emt 0:00:03]} Bg7 {[%emt 0:00:01]} 7. O-O {[%emt 0:00:01]} O-O {[%emt 0:00:01]} 8. b3 {[%emt 0:00:01]} Re8 {[%emt 0:00:06]} 9. Bb2 {[%emt 0:00:02]} e6 {[%emt 0:00:05]} 10. Rc1 {[%emt 0:00:03]} b6 {[%emt 0:00:02]} 11. Qc2 {[%emt 0:00:03]} Bb7 {[%emt 0:00:02]} 12. Rfd1 {[%emt 0:00:01]} Nbd7 {[%emt 0:00:02]} 13. h3 {[%emt 0:00:06]} Rc8 {[%emt 0:00:04]} 14. e4 {[%emt 0:00:02]} dxe4 {[%emt 0:00:04]} 15. Nxe4 {[%emt 0:00:01]} Nxe4 {[%emt 0:00:04]} 16. Qxe4 {[%emt 0:00:01]} Qc7 {[%emt 0:00:09]} 17. Qc2 {[%emt 0:00:29]} e5 {[%emt 0:00:38]} 18. dxe5 {[%emt 0:00:13]} c5 {[%emt 0:00:19]} 19. e6 {[%emt 0:00:27]} Rxe6 {[%emt 0:00:03]} 20. Bxg7 {[%emt 0:00:02]} Kxg7 {[%emt 0:00:02]} 21. Ng5 {[%emt 0:00:12]} Re5 {[%emt 0:00:22]} 22. f4 {[%emt 0:00:20]} Re7 {[%emt 0:00:14]} 23. Rf1 {[%emt 0:00:25]} Rce8 {[%emt 0:00:14]} 24. Bd3 {[%emt 0:00:15]} Re3 {[%emt 0:00:19]} 25. Rcd1 {[%emt 0:00:11]} Nf6 {[%emt 0:00:13]} 26. Qb2 {[%emt 0:00:30]} Rg3 {[%emt 0:00:21]} 27. Rf2 {[%emt 0:00:04]} h6 {[%emt 0:00:08]} 28. Nf3 {[%emt 0:00:13]} Bxf3 {[%emt 0:00:03]} 29. Rxf3 {[%emt 0:00:00]} Rxf3 {[%emt 0:00:01]} 30. gxf3 {[%emt 0:00:00]} Qxf4 {[%emt 0:00:01]} 31. Qf2 {[%emt 0:00:03]} Re3 {[%emt 0:00:02]} 32. Be2 {[%emt 0:00:02]} Qe5 {[%emt 0:00:01]} 33. Bf1 {[%emt 0:00:02]} Qf4 {[%emt 0:00:06]} 34. Rd8 {[%emt 0:00:02]} Rxf3 {[%emt 0:00:02]} 35. Qe2 {[%emt 0:00:03]} Rg3+ {[%emt 0:00:01]} 36. Bg2 {[%emt 0:00:01]} Re3 {[%emt 0:00:02]} 37. Qf2 {[%emt 0:00:02]} Qe5 {[%emt 0:00:01]} 38. Ra8 {[%emt 0:00:03]} Re1+ {[%emt 0:00:02]} 39. Bf1 {[%emt 0:00:01]} h5 {[%emt 0:00:02]} 40. Qf3 {[%emt 0:00:02]} a5 {[%emt 0:00:03]} 41. Ra7 {[%emt 0:00:02]} Qg5+ {[%emt 0:00:03]} 42. Qg2 {[%emt 0:00:01]} Qe3+ {[%emt 0:00:01]} 43. Qf2 {[%emt 0:00:01]} Qe5 {[%emt 0:00:01]} 44. Qf3 {[%emt 0:00:01]} Qg5+ {[%emt 0:00:02]} 45. Qg2 {[%emt 0:00:01]} Qf4 {[%emt 0:00:02]} 46. Qf2 {[%emt 0:00:01]} Qxf2+ {[%emt 0:00:01]} 47. Kxf2 {[%emt 0:00:01]} Re6 {[%emt 0:00:01]} 48. Rb7 {[%emt 0:00:01]} Ne4+ {[%emt 0:00:01]} 49. Kg2 {[%emt 0:00:01]} Nc3 {[%emt 0:00:01]} 50. a4 {[%emt 0:00:01]} Ne4 {[%emt 0:00:02]} 51. Bd3 {[%emt 0:00:01]} Nd2 {[%emt 0:00:01]} 52. Bc2 {[%emt 0:00:01]} Re3 {[%emt 0:00:01]} 53. Rxb6 {[%emt 0:00:02]} Nxc4 {[%emt 0:00:03]} 54. bxc4 {[%emt 0:00:02]} Re2+ {[%emt 0:00:01]} 55. Kg3 {[%emt 0:00:00]} Rxc2 {[%emt 0:00:00]} 56. Rb5 {[%emt 0:00:01]} Rxc4 {[%emt 0:00:01]} 57. Rxa5 {[%emt 0:00:01]} Rc3+ {[%emt 0:00:01]} 58. Kg2 {[%emt 0:00:01]} g5 {[%emt 0:00:01]} 59. Ra8 {[%emt 0:00:01]} Kg6 {[%emt 0:00:01]} 60. a5 {[%emt 0:00:01]} Ra3 {[%emt 0:00:01]} 61. a6 {[%emt 0:00:02]} Kf5 {[%emt 0:00:01]} 62. a7 {[%emt 0:00:03]} h4 {[%emt 0:00:01]} 63. Kf2 {[%emt 0:00:02]} Kf4 {[%emt 0:00:02]} 64. Ke2 {[%emt 0:00:04]} f5 {[%emt 0:00:02]} 65. Kf2 {[%emt 0:00:01]} Ra2+ {[%emt 0:00:02]} 66. Kf1 {[%emt 0:00:02]} c4 {[%emt 0:00:01]} 67. Rc8 {[%emt 0:00:02]} Rxa7 {[%emt 0:00:02]} 68. Rxc4+ {[%emt 0:00:00]} Kg3 {[%emt 0:00:03]} 69. Rc3+ {[%emt 0:00:01]} Kh2 {[%emt 0:00:01]} 70. Rf3 {[%emt 0:00:02]} g4 {[%emt 0:00:05]} 71. Rxf5 {[%emt 0:00:03]} g3 {[%emt 0:00:01]} 72. Rg5 {[%emt 0:00:02]} Rf7+ {[%emt 0:00:02]} 73. Ke2 {[%emt 0:00:01]} g2 {[%emt 0:00:01] Meri-Arabidze resigns (Lag: Av=0.84s, max=2.1s)} 0-1

[Event "Silkway Cup"]
[Site "T#646345FIDE"]
[Date "2020.05.28"]
[Round "8"]
[White "Ninullia"]
[Black "Diana lomaia"]
[Result "1-0"]
[WhiteElo "1666"]
[BlackElo "1503"]
[Annotator "NA"]
[PlyCount "111"]
[EventDate "2020.05.28"]
[EventType "swiss (blitz)"]

1. d4 {[%emt 0:00:04]} d5 {[%emt 0:00:01]} 2. Nf3 {[%emt 0:00:02]} c5 {[%emt 0:00:02]} 3. e3 {[%emt 0:00:06]} Nc6 {[%emt 0:00:05]} 4. Bd3 {[%emt 0:00:12]} Nf6 {[%emt 0:00:02]} 5. O-O {[%emt 0:00:02]} Bg4 {[%emt 0:00:05]} 6. h3 {[%emt 0:00:03]} Bh5 {[%emt 0:00:03]} 7. Be2 {[%emt 0:00:25]} e6 {[%emt 0:00:06]} 8. b3 {[%emt 0:00:01]} Be7 {[%emt 0:00:02]} 9. Bb2 {[%emt 0:00:01]} O-O {[%emt 0:00:02]} 10. Nbd2 {[%emt 0:00:04]} Rc8 {[%emt 0:00:10]} 11. c4 {[%emt 0:00:36]} cxd4 {[%emt 0:00:17]} 12. Nxd4 {[%emt 0:00:07]} Bxe2 {[%emt 0:00:03]} 13. Qxe2 {[%emt 0:00:03]} Bc5 {[%emt 0:00:27]} 14. Nxc6 {[%emt 0:00:11]} bxc6 {[%emt 0:00:08]} 15. Rfd1 {[%emt 0:00:05]} Qe7 {[%emt 0:00:04]} 16. Nf3 {[%emt 0:00:09]} Rfd8 {[%emt 0:00:04]} 17. Ne5 {[%emt 0:00:06]} Bb6 {[%emt 0:00:06]} 18. Rac1 {[%emt 0:00:04]} c5 {[%emt 0:00:03]} 19. cxd5 {[%emt 0:00:10]} exd5 {[%emt 0:00:06]} 20. Ng4 {[%emt 0:00:05]} Ne4 {[%emt 0:00:04]} 21. Rc2 {[%emt 0:00:22]} f6 {[%emt 0:00:28]} 22. Nh2 {[%emt 0:00:02]} Rd7 {[%emt 0:00:04]} 23. Nf3 {[%emt 0:00:02]} Rcd8 {[%emt 0:00:34]} 24. Nd2 {[%emt 0:00:01]} Ng5 {[%emt 0:00:05]} 25. Ba3 {[%emt 0:00:18]} d4 {[%emt 0:00:20]} 26. Qc4+ {[%emt 0:00:01]} Kh8 {[%emt 0:00:07]} 27. e4 {[%emt 0:00:23]} Nxe4 {[%emt 0:00:02]} 28. Nxe4 {[%emt 0:00:02]} Qxe4 {[%emt 0:00:02]} 29. Re2 {[%emt 0:00:01]} Qd5 {[%emt 0:00:03]} 30. Qd3 {[%emt 0:00:04]} g6 {[%emt 0:00:05]} 31. Rde1 {[%emt 0:00:01]} Qd6 {[%emt 0:00:04]} 32. Re6 {[%emt 0:00:02]} Qf4 {[%emt 0:00:02]} 33. Bc1 {[%emt 0:00:03]} Qf5 {[%emt 0:00:05]} 34. Qxf5 {[%emt 0:00:01]} gxf5 {[%emt 0:00:01]} 35. Rxf6 {[%emt 0:00:01]} Ba5 {[%emt 0:00:01]} 36. Rd1 {[%emt 0:00:02]} d3 {[%emt 0:00:01]} 37. Bb2 {[%emt 0:00:01]} Kg8 {[%emt 0:00:01]} 38. Rxf5 {[%emt 0:00:01]} d2 {[%emt 0:00:02]} 39. Rg5+ {[%emt 0:00:02]} Kf8 {[%emt 0:00:01]} 40. Rxc5 {[%emt 0:00:01]} Re7 {[%emt 0:00:04]} 41. Rf5+ {[%emt 0:00:11]} Ke8 {[%emt 0:00:02]} 42. Re5 {[%emt 0:00:04]} Rxe5 {[%emt 0:00:02]} 43. Bxe5 {[%emt 0:00:01]} Rc8 {[%emt 0:00:01]} 44. Kf1 {[%emt 0:00:01]} Rc1 {[%emt 0:00:04]} 45. Ke2 {[%emt 0:00:01]} Rc2 {[%emt 0:00:01]} 46. a3 {[%emt 0:00:01]} Bb6 {[%emt 0:00:06]} 47. Rxd2 {[%emt 0:00:02]} Rxd2+ {[%emt 0:00:01]} 48. Kxd2 {[%emt 0:00:00]} Bxf2 {[%emt 0:00:01]} 49. Kd3 {[%emt 0:00:01]} Kd7 {[%emt 0:00:01]} 50. Bd4 {[%emt 0:00:01]} Bh4 {[%emt 0:00:06]} 51. Bxa7 {[%emt 0:00:01]} Be7 {[%emt 0:00:01]} 52. b4 {[%emt 0:00:02]} Kc6 {[%emt 0:00:01]} 53. Kc4 {[%emt 0:00:01]} Bf6 {[%emt 0:00:01]} 54. Be3 {[%emt 0:00:01]} Bb2 {[%emt 0:00:01]} 55. a4 {[%emt 0:00:01]} Be5 {[%emt 0:00:02]} 56. a5 {[%emt 0:00:01] Diana lomaia resigns (Lag: Av=1.24s, max=2.2s)} 1-0

[Event "Silkway Cup"]
[Site "T#646345FIDE"]
[Date "2020.05.28"]
[Round "8"]
[White "Sandrika"]
[Black "Gb_23"]
[Result "0-1"]
[WhiteElo "1632"]
[BlackElo "1697"]
[Annotator "NA"]
[PlyCount "122"]
[EventDate "2020.05.28"]
[EventType "swiss (blitz)"]

1. d4 {[%emt 0:00:02]} Nf6 {[%emt 0:00:01]} 2. c4 {[%emt 0:00:02]} e6 {[%emt 0:00:01]} 3. Nf3 {[%emt 0:00:02]} b6 {[%emt 0:00:01]} 4. a3 {[%emt 0:00:04]} Bb7 {[%emt 0:00:01]} 5. Nc3 {[%emt 0:00:01]} d5 {[%emt 0:00:01]} 6. cxd5 {[%emt 0:00:03]} Nxd5 {[%emt 0:00:00]} 7. Qc2 {[%emt 0:00:01]} Be7 {[%emt 0:00:01]} 8. e4 {[%emt 0:00:01]} Nxc3 {[%emt 0:00:01]} 9. bxc3 {[%emt 0:00:01]} O-O {[%emt 0:00:02]} 10. Bd3 {[%emt 0:00:02]} c5 {[%emt 0:00:01]} 11. O-O {[%emt 0:00:04]} Qc8 {[%emt 0:00:02]} 12. Qe2 {[%emt 0:00:14]} Ba6 {[%emt 0:00:01]} 13. Rd1 {[%emt 0:00:07]} Bxd3 {[%emt 0:00:03]} 14. Rxd3 {[%emt 0:00:02]} Qa6 {[%emt 0:00:02]} 15. Ne5 {[%emt 0:00:28]} f6 {[%emt 0:00:12]} 16. Nf3 {[%emt 0:00:03]} Nc6 {[%emt 0:00:15]} 17. d5 {[%emt 0:00:21]} Na5 {[%emt 0:00:37]} 18. Qd1 {[%emt 0:00:07]} exd5 {[%emt 0:00:09]} 19. exd5 {[%emt 0:00:05]} Bd6 {[%emt 0:00:03]} 20. Be3 {[%emt 0:00:19]} Nc4 {[%emt 0:00:09]} 21. Qc2 {[%emt 0:00:09]} Rad8 {[%emt 0:00:25]} 22. a4 {[%emt 0:00:02]} Rfe8 {[%emt 0:00:05]} 23. Rad1 {[%emt 0:00:04]} Na3 {[%emt 0:00:55]} 24. Qa2 {[%emt 0:00:14]} c4 {[%emt 0:00:08]} 25. R3d2 {[%emt 0:00:08]} Qxa4 {[%emt 0:00:02]} 26. Nd4 {[%emt 0:00:06]} g6 {[%emt 0:00:22]} 27. Ne6 {[%emt 0:00:02]} Rc8 {[%emt 0:00:01]} 28. Bd4 {[%emt 0:00:02]} Qb3 {[%emt 0:00:01]} 29. Qa1 {[%emt 0:00:23]} Nc2 {[%emt 0:00:02]} 30. Qc1 {[%emt 0:00:07]} Nxd4 {[%emt 0:00:03]} 31. Rxd4 {[%emt 0:00:05]} Be5 {[%emt 0:00:04]} 32. h4 {[%emt 0:00:06]} Bxd4 {[%emt 0:00:05]} 33. Rxd4 {[%emt 0:00:01]} Qb5 {[%emt 0:00:01]} 34. Qe3 {[%emt 0:00:03]} Qd7 {[%emt 0:00:01]} 35. h5 {[%emt 0:00:02]} g5 {[%emt 0:00:02]} 36. h6 {[%emt 0:00:03]} b5 {[%emt 0:00:02]} 37. Qf3 {[%emt 0:00:02]} Rxe6 {[%emt 0:00:01]} 38. dxe6 {[%emt 0:00:02]} Qxe6 {[%emt 0:00:00]} 39. Qb7 {[%emt 0:00:03]} Qe1+ {[%emt 0:00:01]} 40. Kh2 {[%emt 0:00:01]} Qe5+ {[%emt 0:00:00]} 41. f4 {[%emt 0:00:01]} Qc7 {[%emt 0:00:04]} 42. Qd5+ {[%emt 0:00:05]} Qf7 {[%emt 0:00:03]} 43. Qxb5 {[%emt 0:00:03]} Qh5+ {[%emt 0:00:02]} 44. Kg1 {[%emt 0:00:02]} Qxh6 {[%emt 0:00:06]} 45. Qd7 {[%emt 0:00:05]} Rb8 {[%emt 0:00:03]} 46. Qe6+ {[%emt 0:00:06]} Kh8 {[%emt 0:00:01]} 47. Qf5 {[%emt 0:00:01]} Qg7 {[%emt 0:00:03]} 48. Rd7 {[%emt 0:00:02]} Rb1+ {[%emt 0:00:02]} 49. Qxb1 {[%emt 0:00:02]} Qxd7 {[%emt 0:00:01]} 50. fxg5 {[%emt 0:00:04]} fxg5 {[%emt 0:00:01]} 51. Qb8+ {[%emt 0:00:01]} Kg7 {[%emt 0:00:01]} 52. Qe5+ {[%emt 0:00:01]} Kf7 {[%emt 0:00:01]} 53. Qe4 {[%emt 0:00:04]} Qd1+ {[%emt 0:00:01]} 54. Kh2 {[%emt 0:00:01]} Qh5+ {[%emt 0:00:01]} 55. Kg1 {[%emt 0:00:01]} Qd1+ {[%emt 0:00:01]} 56. Kh2 {[%emt 0:00:02]} Qd3 {[%emt 0:00:00]} 57. Qb7+ {[%emt 0:00:04]} Ke6 {[%emt 0:00:01]} 58. Qc6+ {[%emt 0:00:04]} Qd6+ {[%emt 0:00:01]} 59. Qxd6+ {[%emt 0:00:06]} Kxd6 {[%emt 0:00:00]} 60. Kg3 {[%emt 0:00:00]} a5 {[%emt 0:00:01]} 61. Kg4 {[%emt 0:00:00] Sandrika resigns (Lag: Av=2.23s, max=16.9s)} a4 {[%emt 0:00:01]} 0-1